[Event "Kurnosov Memorial Rapid 2018"]
[Site "Chelyabinsk"]
[Date "2018.09.07"]
[Round "2"]
[White "Andreikin, Dmitry"]
[Black "Frolov, Ivan"]
[Result "1-0"]
[WhiteElo "2731"]
[BlackElo "2390"]
[Annotator "TA"]
[PlyCount "63"]
[EventDate "2018.09.07"]
[EventType "swiss"]
[EventCountry "RUS"]
[SourceTitle "playchess.com"]
[Source "ChessBase"]
[SourceQuality "1"]

{[%evp 9,63,11,39,33,33,31,64,61,64,52,72,61,68,63,91,100,108,136,144,132,117,52,54,53,89,91,89,87,101,45,55,38,41,43,50,14,34,12,14,-20,-12,-31,0,0,0,0,43,48,31,33,35,64,283,220,405,395]} 1. Nf3 Nf6 2. b3 c5 3. Bb2 d6 (3... Nc6 4. e3 e6 5. d4 cxd4 6. Nxd4 Be7 7. Nxc6 dxc6 8. Bd3 Qa5+ 9. Nd2 e5 10. O-O Be6 11. Nc4 Bxc4 12. Bxc4 Ba3 13. Qc1 Bxb2 14. Qxb2 {½-½ (32) Nakamura,H (2769)-Anand,V (2759) Paris 2018}) 4. c4 e5 {[%cal Be7e5,Be5e4][%mdl 32]} 5. Nc3 Bg4 6. e3 {[%cal Be2e3,Be3d4][%mdl 32] A05: Réti Opening: 1 Nf3 Nf6} Be7 7. h3 $146 ({Predecessor:} 7. Be2 Qd7 8. h3 Bh5 9. Nxe5 Bxe2 10. Nxd7 Bxd1 11. Nxf6+ Bxf6 12. Nxd1 Nd7 13. Bxf6 Nxf6 {1-0 (33) Pang,Y (1991)-Tamang,D (1701) Hong Kong 2017}) 7... Bd7 8. d4 {White is slightly better.} cxd4 9. exd4 e4 10. Nd2 d5 11. g4 {Black must now prevent g5.} O-O 12. g5 ({Of course not} 12. Nxd5 Nxd5 13. cxd5 e3 $15) (12. cxd5 $6 Bb4 $11) 12... Ne8 13. Nxd5 Bxg5 14. Nxe4 Bc6 15. Bg2 (15. Nxg5 $16 Qxg5 16. Qd2 Qxd2+ 17. Kxd2) 15... Bxd5 $14 16. cxd5 Nd6 {...Re8 is the strong threat.} 17. Nxg5 Qxg5 {[#]} 18. O-O $1 Rd8 19. Qc1 ({White should play} 19. Qg4 $16 Qxg4 20. hxg4) 19... Qg6 20. Qb1 Qf6 21. Qd3 Nd7 {[%cal Bb8d7,Bd7f8,Bf8g6,Bg6h4][%mdl 32]} 22. Rae1 {[%cal Ba1e1,Be1e5,Be5h5][%mdl 32]} Nf8 23. f4 Ng6 24. Bc1 Nh4 25. Bh1 Ndf5 26. Re5 Rac8 {[#] aiming for ...Qg6+.} 27. Kh2 Qa6 28. Qxa6 bxa6 29. Be4 Nxd4 30. Be3 f6 $2 (30... f5 $14) 31. Rh5 Nhf5 $2 (31... f5) 32. Rxf5 {Precision: White = 64%, Black = 41%.} ({But not} 32. Bxf5 Nxf5 33. Rxf5 Kf7 $18) 1-0

[Event "Kurnosov Memorial Rapid 2018"]
[Site "Chelyabinsk"]
[Date "2018.09.07"]
[Round "2"]
[White "Chigaev, Maksim"]
[Black "Kotlyar, Kirill"]
[Result "1-0"]
[WhiteElo "2678"]
[BlackElo "2360"]
[Annotator "TA"]
[PlyCount "97"]
[EventDate "2018.09.07"]
[EventType "swiss"]
[EventCountry "RUS"]
[SourceTitle "playchess.com"]
[Source "ChessBase"]
[SourceQuality "1"]

{[%evp 15,97,12,23,-10,-16,-4,25,0,12,0,0,0,0,-7,52,52,45,42,38,-22,-26,-22,-10,-11,-18,-62,-27,-42,-14,-12,0,0,0,0,0,-6,0,0,0,0,0,0,24,0,0,0,81,99,93,100,85,39,52,52,111,111,111,111,111,104,190,204,197,171,238,210,280,167,295,220,343,230,312,220,226,0,204,0,318,296,341,333,382,371]} 1. e4 e5 2. Bc4 Nc6 3. d3 Nf6 4. Nf3 Bc5 5. O-O O-O 6. a4 {C50: Hungarian Defence and Giuoco Pianissimo} a5 7. h3 d6 {[%cal Bd7d6,Bd6d5,Bd5e4][%mdl 32]} 8. c3 Be6 {LiveBook: 3 Games} 9. b3 $146 ({Predecessor:} 9. Bxe6 fxe6 10. Nbd2 Qe8 11. Nc4 Qg6 12. Be3 Bxe3 13. Nxe3 Nh5 14. Nh4 Qg5 15. Nf3 {0-1 (49) Malakhov,V (2722)-Ding,L (2781) Danzhou 2017}) 9... h6 10. Nbd2 Qd7 11. Re1 Rfe8 12. Nf1 d5 13. Bb5 {aiming for Nxe5!} dxe4 {[#]} 14. Nxe5 $1 {[%mdl 512]} Qd5 (14... Qd6 $11 15. Bxc6 bxc6) (14... Nxe5 15. Bxd7) 15. Bxc6 $1 $14 bxc6 16. d4 Bb6 17. Rb1 ({Better is} 17. Bb2 $14) 17... c5 $36 {[%cal Rc5d4][%mdl 2048] Black has some pressure.} 18. c4 Qxd4 19. Bb2 Qxd1 20. Rexd1 Red8 21. Ne3 Ne8 22. Nc6 Rd6 23. Ne7+ Kf8 24. N7d5 f6 25. g4 Kf7 26. Bc3 Rdd8 27. Kg2 Nd6 28. Rd2 Rd7 29. Rbd1 Rad8 30. Nf4 g5 (30... c6 $11) 31. Nxe6 $16 Kxe6 32. Nf5 h5 33. Rd5 (33. f3 {is more complex.} exf3+ 34. Kxf3 hxg4+ 35. hxg4 Rf7 36. Kg2) 33... hxg4 34. hxg4 Ne8 {[#]} ({Black should play} 34... Rh7 $14) 35. Rxd7 $1 Rxd7 36. Rxd7 Kxd7 {[%mdl 4096] Endgame KBN-KBN} 37. Ng3 Ke6 (37... e3 $16 {might work better.}) 38. Nxe4 $18 Kf7 39. Kf3 Ke6 (39... Kg6 $142 40. Bb2 Ba7) 40. Ke2 Ke7 41. Kd3 (41. Bb2 $142) 41... Ke6 (41... Kf7 {was worth a try.} 42. f3 Ke6) 42. f3 Ke7 (42... Kf7 {is a better defense.} 43. Kd2 Kg6) 43. Ng3 Nd6 44. Nh5 Ne8 45. Ng3 Nd6 46. Ne4 (46. Ba1 $142) 46... Ne8 $1 47. Bb2 Ke6 48. Ba3 Nd6 {If only Black now had time for ...Nxe4....} 49. Nxc5+ {Precision: White = 57%, Black = 39%.} 1-0

[Event "Kurnosov Memorial Rapid 2018"]
[Site "Chelyabinsk"]
[Date "2018.09.07"]
[Round "2"]
[White "Kokarev, Dmitry"]
[Black "Shcherbin, Matvei"]
[Result "1-0"]
[WhiteElo "2663"]
[BlackElo "2348"]
[Annotator "TA"]
[PlyCount "147"]
[EventDate "2018.09.07"]
[EventType "swiss"]
[EventCountry "RUS"]
[SourceTitle "playchess.com"]
[Source "ChessBase"]
[SourceQuality "1"]

{[%evp 16,147,14,5,43,9,0,0,0,9,14,20,28,18,23,11,74,70,73,70,72,47,53,28,31,24,27,29,68,35,48,37,44,29,29,35,31,27,19,22,63,27,88,74,74,68,74,41,41,46,77,79,79,60,60,60,188,163,227,237,297,210,207,190,195,172,160,66,24,0,0,0,0,0,0,0,0,0,0,0,0,0,0,0,0,0,0,0,0,0,0,0,0,0,0,0,0,0,0,0,0,0,0,0,0,0,0,0,0,0,0,0,0,0,0,0,0,0,0,0,0,0,0,0,0,0,0,0,0,0,29989,29990,12851,29991]} 1. e4 c5 2. Nf3 e6 3. d4 cxd4 4. Nxd4 Bc5 5. Nb3 Bb6 6. Nc3 Ne7 7. g3 {B40: Sicilian: 2...e6, Unusual lines} (7. Bd3 O-O 8. O-O Nbc6 9. Bg5 h6 10. Bh4 Ne5 11. Kh1 N5g6 12. Bg3 f5 13. exf5 Nxf5 14. Qe2 d5 15. Rad1 Qg5 16. Bxf5 Qxf5 {½-½ (57) Kasimdzhanov,R (2704)-Fedoseev,V (2659) Berlin 2015}) 7... O-O 8. Bg2 Nbc6 9. O-O {LiveBook: 4 Games. The position is equal.} f5 10. exf5 Nxf5 11. Na4 Bc7 12. c4 d6 $146 ({Predecessor:} 12... b6 13. Re1 Bb7 14. Nc3 Rc8 {0-1 (43) Pecha,T (2120)-Macicek,J (2166) Frydek Mistek 2007}) 13. Nc3 a6 14. Bf4 e5 15. Bd2 Nfd4 (15... Be6 $11) 16. Nxd4 $16 Nxd4 17. Nd5 Bb8 18. Be3 Ba7 19. Rc1 Be6 20. Kh1 Qd7 21. f4 Bh3 22. Qd2 Bxg2+ 23. Qxg2 Kh8 24. Qe4 Qh3 {Hoping for ...Ne2.} 25. Bxd4 Bxd4 26. b3 b5 27. Qg2 Qxg2+ 28. Kxg2 exf4 (28... Rfc8 $11 {keeps the balance.}) 29. Rxf4 Rxf4 30. gxf4 $11 {[%mdl 4096] Endgame KRB-KRN} Rc8 31. Rd1 Bf6 32. Ne3 Rc6 33. Kf3 Kg8 34. Ke4 Kf7 35. Kd5 Rc5+ ({Better is} 35... Rb6 $1 $14) 36. Kxd6 $18 Be7+ (36... Rc8 $142 37. Kd7 Rd8+ 38. Kc6 Rxd1 39. Nxd1 bxc4) 37. Kd7 Rh5 38. Rd2 bxc4 39. bxc4 Bb4 40. Rb2 Ba3 41. Rb7 (41. Rc2 $16) 41... Rxh2 $14 42. Nd5 Rxa2 {[#]} 43. c5 $1 {[%mdl 512]} Bxc5 {Threatens to win with ...Re2.} 44. Kc6+ Ke6 {And now ...Bd4 would win.} 45. Nc7+ Kf5 {...Bd4 is the strong threat.} 46. Kxc5 Kxf4 $11 {KRN-KR} 47. Nd5+ Kf5 48. Rxg7 h5 49. Rh7 Kg5 50. Kd4 a5 51. Nc3 Rd2+ 52. Ke5 Rd3 53. Ne4+ (53. Na4 {is more complex.} Ra3 54. Rg7+ Kh6 55. Ra7 Rxa4) 53... Kg6 54. Ra7 Ra3 55. Ra6+ Kg7 56. Kf5 h4 57. Ra7+ Kf8 58. Rh7 h3 59. Ng5 (59. Rh4 {keeps more tension.} h2 60. Kg4 Kg8 61. Nc5 h1=R 62. Rxh1) 59... Kg8 (59... h2 {feels hotter.} 60. Rh4 Kg7 61. Rxh2) 60. Rh4 (60. Kf6 {with more complications.} Rf3+ 61. Kg6 Rf2 62. Rg7+ Kf8 63. Nh7+) 60... Rb3 61. Nxh3 Rb5+ 62. Ke6 Rb4 63. Nf4 a4 64. Rg4+ Kh7 65. Kf7 {[%cal Rg4h4]} Rb7+ 66. Kf6 {White threatens Nd5 and mate.} Rb4 67. Rg7+ Kh6 68. Rg6+ Kh7 69. Ne6 {Ng5+ would kill now.} Rb6 {White must now prevent ...Rxe6+!} 70. Rg7+ Kh6 {aiming for ...Rxe6+!} 71. Ra7 Rb4 72. Ra5 Rg4 $2 {[%mdl 8192] [#]} (72... a3 $11) 73. Ra8 {[%cal Ra8h8]} Rg6+ 74. Kf5 {Precision: White = 62%, Black = 55%.} 1-0

[Event "Kurnosov Memorial Rapid 2018"]
[Site "Chelyabinsk"]
[Date "2018.09.07"]
[Round "2"]
[White "Lysyj, Igor"]
[Black "Rogoznikov, Andrey"]
[Result "1-0"]
[WhiteElo "2644"]
[BlackElo "2339"]
[Annotator "TA"]
[PlyCount "69"]
[EventDate "2018.09.07"]
[EventType "swiss"]
[EventCountry "RUS"]
[SourceTitle "playchess.com"]
[Source "ChessBase"]
[SourceQuality "1"]

{[%evp 19,69,24,50,40,41,58,48,50,105,101,100,70,60,47,74,69,67,-2,5,4,56,0,0,-50,-52,-60,0,-9,41,37,20,0,39,39,43,25,235,235,233,229,218,225,244,238,308,308,381,304,1263,1263,998,574]} 1. d4 Nf6 2. c4 c5 3. d5 b5 4. cxb5 a6 5. e3 axb5 6. Bxb5 Qa5+ 7. Nc3 Bb7 8. Bd2 Qb6 9. Nf3 Nxd5 {A57: Benko/Volga Gambit} 10. a4 Nc7 {LiveBook: 4 Games} (10... Qg6 11. O-O e6 12. a5 Nc7 13. e4 Nxb5 14. Nxb5 Na6 15. Re1 f6 16. Nh4 Qf7 17. Qb3 {1-0 (27) Adhiban,B (2650)-Ramirez Alvarez,A (2568) Reykjavik 2018}) 11. O-O Nxb5 {White is slightly better.} 12. axb5 $146 {Black must now prevent Rxa8.} ({Predecessor:} 12. Nxb5 e6 13. Bc3 f6 14. Nh4 Qc6 15. Qg4 Na6 {1-0 (44) Gordievsky,D (2455)-Lomasov,S (2041) Kaliningrad 2013}) 12... Rxa1 13. Qxa1 e6 (13... Bxf3 $1 $14 14. gxf3 e6) 14. e4 $16 Be7 15. Be3 {aiming for b4!} O-O 16. b4 $1 {[%cal Rb4c5]} d6 17. bxc5 dxc5 18. Qc1 (18. Ne5 $14) 18... Nd7 19. Rd1 Nf6 (19... Rd8 $11) 20. Ne5 (20. Nd2 $14) 20... Qc7 $11 21. f4 Rd8 22. Rxd8+ Bxd8 ({Black should try} 22... Qxd8 $15 23. h3 Qa8) 23. Qc2 g5 24. Qd3 $36 {[%mdl 2048] White is pushing.} Be7 25. b6 Qxb6 {[#] Threatens to win with ...gxf4.} 26. fxg5 Ba6 $1 {[%cal Ra6d3]} ({Don't blunder} 26... Qb2 $2 27. gxf6 Bxf6 28. Qd7 $18 (28. Bf4 Qa1+ 29. Kf2 Ba6 $18)) 27. Qd2 Qd6 $2 (27... Ne8 $11 {and Black stays safe.}) 28. gxf6 $18 {And now Qf2 would win.} Qxd2 29. Bxd2 Bxf6 30. Bf4 Bg7 31. Kf2 f6 32. Nd7 c4 33. e5 f5 $2 {[#]} (33... fxe5 34. Bxe5 Bb7 35. Bxg7 Kxg7) 34. Nc5 Bc8 35. Ke3 {Precision: White = 49%, Black = 29%.} 1-0

[Event "Kurnosov Memorial Rapid 2018"]
[Site "Chelyabinsk"]
[Date "2018.09.07"]
[Round "2"]
[White "Bocharov, Ivan"]
[Black "Inozemtsev, Sergei"]
[Result "1-0"]
[WhiteElo "2625"]
[BlackElo "2332"]
[Annotator "TA"]
[PlyCount "77"]
[EventDate "2018.09.07"]
[EventType "swiss"]
[EventCountry "RUS"]
[SourceTitle "playchess.com"]
[Source "ChessBase"]
[SourceQuality "1"]

{[%evp 25,77,30,48,50,71,69,137,161,158,95,96,92,105,102,123,130,133,129,125,72,83,54,91,97,303,311,335,324,397,391,429,439,439,441,431,423,486,447,516,507,611,611,599,564,830,822,1298,1214,1139,1141,1060,1052,960,952]} 1. e4 e6 2. d4 d5 3. Nd2 Nf6 4. e5 Nfd7 5. Bd3 c5 6. c3 {[%cal Bc2c3,Bc3d4][%mdl 32]} Nc6 7. Ne2 cxd4 8. cxd4 f6 9. exf6 Qxf6 10. Nf3 h6 11. Qc2 Bd6 {C06: French Tarrasch: 3...Nf6 4 e5 Nfd7 5 Bd3 main lines} 12. Bg6+ Ke7 13. O-O Rd8 {LiveBook: 5 Games. White has an edge.} 14. Re1 {Ng3 is the strong threat.} Nf8 {[#]} 15. Bh5 $1 {Strongly threatening Nc3.} Nb4 (15... Qf5 $14 16. Qxf5 exf5) 16. Qb3 $146 ({Predecessor:} 16. Qb1 Qf5 17. Qxf5 exf5 18. Nc3+ Ne6 19. Re2 {½-½ (29) Barnsley,A (2445)-Smithers,S ICCF email 1996}) 16... Qf5 {White must now prevent ...Nc2.} 17. Ng3 (17. Bd2 $142 Nc2 18. Ng3 Bxg3 19. fxg3 Nxa1 20. Qa3+ Kf6 21. Rxa1 Qxh5 22. Ne5) 17... Qd3 18. Qxd3 Nxd3 19. Re3 Nf4 20. Nf5+ $1 Kf6 21. Nxd6 Nxh5 22. Nb5 (22. Nxc8 $142 Raxc8 23. Rb3) 22... Bd7 23. Nc3 $36 {[%mdl 2048] aiming for Ne5. White is more active.} Ng6 24. Ne5 Be8 $2 {[#]} (24... Nxe5 $16 25. dxe5+ (25. Rxe5 Kg6 $11) 25... Kf5) 25. g4 $1 $18 Nxe5 26. Rxe5 g5 27. gxh5 Bxh5 28. f4 {White is clearly winning.} Rg8 29. fxg5+ hxg5 30. Bd2 Bf3 31. Rae1 Rae8 32. Kf2 g4 33. h4 Kf7 34. Kg3 Rh8 35. Nb5 Re7 36. Bg5 Rd7 37. Rxe6 Be4 38. Rf6+ Kg7 39. Nd6 {Precision: White = 85%, Black = 38%.} 1-0

[Event "Kurnosov Memorial Rapid 2018"]
[Site "Chelyabinsk"]
[Date "2018.09.07"]
[Round "2"]
[White "Vyatkin, Dmitry"]
[Black "Artemiev, Vladislav"]
[Result "0-1"]
[WhiteElo "2362"]
[BlackElo "2733"]
[Annotator "TA"]
[PlyCount "196"]
[EventDate "2018.09.07"]
[EventType "swiss"]
[EventCountry "RUS"]
[SourceTitle "playchess.com"]
[Source "ChessBase"]
[SourceQuality "1"]

{[%evp 22,196,16,0,0,-26,-23,-50,-6,-21,-20,-38,-36,-38,0,-68,-81,-84,-75,-76,-77,-81,-60,-61,-31,-31,-31,-33,-31,-45,-42,-43,-47,-70,-64,-70,-61,-76,-71,-137,-138,-146,-148,-183,-179,-193,-193,-182,-167,-206,-196,-324,-304,-314,-319,-322,-319,-315,-179,-175,-179,-161,-171,-144,-115,-130,-96,-59,-32,-129,-102,-102,0,-115,-22,-115,-56,-115,-115,-115,-115,-115,-115,-115,-115,-520,-256,-377,-103,-166,-142,-200,-115,-115,-115,-115,-102,-102,-102,-102,-102,-115,-115,-115,-115,-115,-115,-115,-115,-115,-115,-115,-115,-115,-115,-115,-102,-102,-102,-102,-102,-102,-102,-102,-102,-102,-102,-102,0,-102,-8,-102,-102,-102,-102,-102,0,-102,-102,-102,-102,-102,-102,-102,-102,-102,-102,-102,-102,-102,-102,-102,-102,-102,-102,-102,-102,-102,-102,-102,-102,-102,-102,-102,-102,-102,-102,-5373,-102,-4641,-4618,-29976,-29977,-29982,-29983,-29986,-29987]} 1. c4 e5 2. Nc3 Bb4 3. g3 Nf6 4. Bg2 O-O 5. Nf3 {[%cal Bg1f3,Bf3d4,Bd4c2,Bc2e3][%mdl 32]} e4 6. Nd4 Nc6 7. Nc2 Bxc3 8. dxc3 h6 9. O-O d6 10. Ne3 Re8 11. Qc2 Ne5 {[%cal Bc6e5,Be5g4,Bg4e3][%mdl 32]} 12. b3 Neg4 {A29: English Opening: Four Knights Variation with 4 g3} 13. h3 Nxe3 14. Bxe3 Bf5 {[%cal Bc8f5,Bf5g6,Bg6h5][%mdl 32] Black is slightly better.} 15. Rad1 Qe7 16. Qd2 $146 ({Predecessor:} 16. Qc1 a5 17. Rfe1 Nd7 18. Qd2 Bg6 19. f4 b6 20. Qd5 {1-0 (43) Barcenilla,R (2495)-Shliperman,I (2467) New York 2000}) 16... a5 {[%cal Ba7a5,Ba5a4][%mdl 32]} 17. g4 Bg6 18. g5 (18. Rfe1 $11) 18... hxg5 $15 19. Bxg5 a4 20. b4 Qe6 21. Qd4 Nd7 22. Qd5 Bh5 23. Qxe6 Rxe6 24. Rfe1 b6 25. Rd4 Rae8 26. Bf4 Bg6 27. Kf1 Bf5 28. Rd5 g6 29. Red1 Kg7 30. Ke1 (30. h4 $142) 30... Rh8 $1 $17 31. Be3 Bxh3 32. Bxh3 Rxh3 33. c5 bxc5 34. bxc5 Nxc5 35. Bd4+ Kg8 36. Bxc5 (36. Be3 $142) 36... dxc5 $19 {[%mdl 4096] Endgame KRR-KRR} 37. Kd2 e3+ 38. fxe3 Rhxe3 39. Re1 R3e5 (39... f5 $142 40. Rxc5 f4 41. Rxc7 f3 42. Rc8+ Kg7 43. Rc7+ Kf6) 40. Rxe5 Rxe5 {KR-KR} 41. Rg1 c4 42. Rb1 Ra5 43. a3 c5 44. Ke3 Kg7 45. Rb6 ({Better is} 45. Kf4 $1 $15) 45... Kh6 46. Rf6 Kg7 47. Rb6 $1 f6 (47... f5 $1 $17 48. Kf4 Kh6) 48. Ke4 (48. Kf4 $1 $11) 48... Ra7 (48... f5+ $1 $17 49. Kf4 Kh6) 49. Rc6 ({White should try} 49. Rb5 $15) 49... Rb7 $17 {White must now prevent ...Rb3.} 50. Rxc5 Rb3 51. Rxc4 Rxa3 52. Rc7+ Kh6 $1 53. Kf4 $2 {[%mdl 8192]} (53. c4 $17 {is tougher.}) 53... Ra2 (53... Ra1 $142 54. Ra7 a3) 54. Kf3 (54. Ke3 $142) 54... Rc2 $2 (54... Ra1 $19 {is more deadly.} 55. Ra7 a3) 55. c4 (55. e3 $17 {was necessary.}) 55... Kg5 $19 56. c5 (56. Rc5+ $17 f5 57. e3) 56... f5 (56... Kf5 $19 {aiming for ...a3.} 57. Ra7 Rc3+ 58. Kf2 a3) 57. Ra7 $17 Rc3+ 58. Kf2 Rc4 59. c6 Rxc6 60. Rxa4 Rc3 61. Rb4 f4 62. Rb2 Kf5 63. Ra2 g5 {[%cal Bg6g5,Bg5g4][%mdl 32]} 64. Rb2 Kg4 65. Ra2 Rh3 66. Kg2 Re3 67. Kf2 Kf5 68. Rb2 g4 69. Rb8 Re6 70. Rb5+ Re5 71. Rb8 Rd5 72. Re8 Ra5 73. Rb8 Rc5 74. Re8 Re5 (74... Rc6 $1 $17 {And now ...Re6 would win.} 75. Rf8+ Rf6) 75. Ra8 (75. Rb8 $1 $11 {was the only way to keep the balance.}) 75... Kg5 (75... g3+ $17 76. Kf1 Re6 77. Rf8+ Rf6) 76. Rf8 (76. Rg8+ $11 Kf5 77. Rf8+ Kg5 78. Rg8+ Kf5 79. Rf8+ Ke4 80. Rh8) 76... Re6 77. Rf7 Rh6 78. Kg2 Re6 79. Kf2 $1 g3+ 80. Kf1 Rh6 {Threatens to win with ...Rh1+.} 81. Rg7+ Kf6 82. Rg8 Kf5 83. Rf8+ Kg4 {Strongly threatening ...Rh1+.} 84. Rg8+ Kh3 85. Kg1 Rh5 86. Rg7 Re5 (86... Rh8 {with more complications.} 87. Re7 Ra8 88. Rh7+ Kg4 89. Re7 Rg8) 87. Rh7+ Kg4 88. Rg7+ Kf5 89. Kf1 Ke4 90. Ra7 Rc5 91. Ra4+ Ke3 92. Ra3+ Kd4 $1 {Hoping for ...Rc1+.} 93. Rd3+ Ke4 94. Ra3 $2 {[%mdl 8192]} (94. Rd8 $17) 94... Rc1+ $1 $19 95. Kg2 {[#]} Re1 $1 {[%cal Re1e2]} 96. Ra4+ Kf5 {Black mates.} 97. Ra5+ Kg4 98. Re5 {[#]} Rxe2+ $1 {Precision: White = 50%, Black = 58%.} 0-1

[Event "Kurnosov Memorial Rapid 2018"]
[Site "Chelyabinsk"]
[Date "2018.09.07"]
[Round "2"]
[White "Kostenko, Petr"]
[Black "Riazantsev, Alexander"]
[Result "0-1"]
[WhiteElo "2359"]
[BlackElo "2687"]
[Annotator "TA"]
[PlyCount "134"]
[EventDate "2018.09.07"]
[EventType "swiss"]
[EventCountry "RUS"]
[SourceTitle "playchess.com"]
[Source "ChessBase"]
[SourceQuality "1"]

{[%evp 16,134,26,16,28,-14,0,0,10,10,10,4,4,-21,0,-28,-24,-25,-31,-26,-44,-58,-44,-50,-50,-44,-58,-76,-45,-85,0,-101,-13,-25,0,-71,-70,-63,-72,-81,-72,-79,-79,-79,-79,-71,-75,-73,-70,-77,-78,-66,-62,-81,-71,-70,-48,-76,-41,-64,-10,-56,-56,-56,-56,-56,-56,-64,-64,-64,-64,-64,-64,-80,-80,-80,-80,-122,-122,-122,-122,-122,-122,-122,-122,-122,-122,-145,-145,-145,-137,-29956,-145,-5085,0,-145,-122,-145,-122,-29954,-29954,-29957,-29958,-29959,-29954,-29970,-29972,-29972,-29972,-29971,-29967,-29976,-29977,-29980,-29978,-29978,-29979,-29979,-29980,-29984,-29985]} 1. e4 c6 2. d4 d5 3. exd5 cxd5 4. Bd3 Nc6 5. c3 Nf6 6. Bf4 Bg4 7. Qb3 Na5 8. Qa4+ Bd7 9. Qc2 {LiveBook: 68 Games} Nh5 {B13: Caro-Kann: Exchange Variation and Panov-Botvinnik Attack} (9... e6 10. Nf3 Qb6 11. O-O Bb5 12. Bxb5+ Qxb5 13. Nbd2 Be7 14. Rae1 Rc8 15. Ne5 Nc6 16. Qb1 Nxe5 17. Bxe5 O-O 18. Re3 {1-0 (114) Bacrot,E (2715)-Fier,A (2579) Tbilisi 2017}) 10. Bg3 $146 (10. Bc1 {looks sharper.} Rc8 11. Nf3 Nc6 12. Qd1 e6 13. Ne5) ({Predecessor:} 10. Be3 g6 11. Nf3 Bg7 12. Nbd2 O-O 13. O-O f5 14. Nb3 Nc4 15. Qe2 Nxe3 16. Qxe3 b6 17. Rfe1 e6 18. Ne5 Ba4 19. Nd2 Qe7 20. Ndf3 Nf6 21. Re2 Ne4 22. Rae1 Rac8 23. Ba6 Rc7 24. Bd3 {½-½ (24) Novikov,M (2510)-Gusev,A (2411) Bogoroditsk 2011}) 10... Nxg3 (10... Rc8 {seems wilder.} 11. Nf3 Nc6 12. Qb3 e6 13. Nbd2 Be7) 11. hxg3 h6 {The position is equal.} 12. Nf3 Nc6 13. Nbd2 Qc7 14. Kf1 e6 15. Re1 Bd6 16. Kg1 O-O-O 17. b4 Kb8 18. Nb3 e5 19. dxe5 Nxe5 20. Nxe5 Bxe5 21. Nc5 Bc8 22. Rh5 Rhe8 (22... Bf6 $17) 23. c4 (23. Bf5 $11 Bxf5 24. Rxf5) 23... b6 ({Better is} 23... Bg4 $17 24. Rh4 Bxg3 25. Rxe8 Bxh4 26. Rxd8+ Bxd8) 24. cxd5 $1 $11 Bd4 ({Don't play} 24... bxc5 25. bxc5 Bb7 26. c6 $14) (24... g6 {is more complex.} 25. Nd7+ Bxd7 26. Rhxe5 Rxe5 27. Qxc7+ Kxc7 28. Rxe5 Kd6) 25. Rxe8 (25. Rb1 $11 {remains equal.}) 25... Rxe8 $17 26. Na6+ $1 Bxa6 $1 27. Qxc7+ Kxc7 28. Bxa6 $15 {[%mdl 4096] Endgame KRB-KRB} Re1+ 29. Kh2 Bxf2 30. Rf5 Bg1+ 31. Kh3 Re7 32. Bb5 Kd6 33. Bc6 Bd4 34. Rf4 Be3 35. Rc4 f5 36. g4 f4 37. Ba8 Ke5 (37... g5 $15) 38. Rc6 Kxd5 39. Rc7+ Kd6 40. Rxe7 Kxe7 {KB-KB} 41. g3 Kd6 42. a4 Bd2 43. b5 Kc5 44. Bf3 Kb4 45. Bd1 {[#]} f3 $1 {[%mdl 512]} 46. Kh2 (46. Bxf3 Kxa4) 46... f2 47. Kg2 Be3 48. Kf1 Bc5 49. Ke2 Kc3 50. Kf1 Kd2 51. Bf3 Ke3 52. Bd1 Bd6 53. Kg2 $2 {[%mdl 8192]} (53. g5 $17) 53... Be5 $2 (53... Kd2 $1 {mates} 54. Bb3 Ke1 55. Bc4 {[#]} Bxg3 $1 {[%mdl 512]} 56. Bf1 g6 57. Bd3 Bh4 58. Bf1 Bg5 59. Bd3 Bd2 60. Bc4 Bg5 61. Bf1 h5 62. gxh5 gxh5 63. Bc4 h4 64. Bd3 Be3 65. Bc4 h3+ $1 {[%mdl 512]} 66. Kxh3 f1=Q+ 67. Bxf1 Kxf1 68. Kg4 Ke2 69. Kf5 Kd3 70. Ke5 Kc4 71. Kf5 Kb3 72. Ke4 Kxa4 73. Ke5 Kxb5 74. Ke4 Bc5 75. Kd3 a5 76. Kc3 a4 77. Kd3 a3 78. Kc3 Ka4 79. Kc4 b5+ 80. Kd5 Kb4 81. Ke4 Kc4 82. Kf5 b4 83. Kf6 b3 84. Kf5 b2 85. Kf4 b1=Q 86. Kg5 a2 87. Kf6 a1=Q+ 88. Kg5 Qd4 89. Kh6 Qf6+ 90. Kh5 Qbg6#) 54. Bb3 $2 {[%mdl 8192]} (54. Kf1 $17) 54... Bd6 $2 (54... Ke2 $19 55. Bc4+ Ke1) 55. Bc4 (55. Bd1 $1 $11) 55... Bc5 56. Bf1 Kd2 57. Kf3 $2 {[%mdl 8192]} (57. Bc4 $17) 57... Ke1 {Black mates.} 58. Kg2 Bd6 59. Bc4 {[#]} Bxg3 $1 {[%mdl 512]} 60. Kxg3 f1=Q 61. Bxf1 Kxf1 {KP-KP} 62. Kf4 g6 63. Ke5 h5 {[%cal Bh6h5,Bh5h4,Bh4h3,Bh3h2][%mdl 32]} 64. g5 Ke2 65. Kf6 h4 66. Kxg6 h3 67. Kf6 h2 {Precision: White = 38%, Black = 53%.} 0-1